The Supermarketers : marketing for success, rules of the master marketers and the naked marketplace
| Main Author: | |
|---|---|
| Format: | Book |
| Published: |
New York :
Nal Books ,
1987
|
| Subjects: |
MARC
| LEADER | 00000cam a2200000 7i4500 | ||
|---|---|---|---|
| 001 | 0000005898 | ||
| 002 | 000006372 | ||
| 005 | 20000330.0 | ||
| 020 | |a 0452261694 | ||
| 090 | 0 | 0 | |a 658.8 |b HEL |
| 100 | 1 | |a Heller, Robert | |
| 245 | 1 | 4 | |a The Supermarketers : |b marketing for success, rules of the master marketers and the naked marketplace |c Robert Heller |
| 260 | |a New York : |b Nal Books , |c 1987 | ||
| 300 | |a 384p. ; |c 22cm. | ||
| 650 | 0 | 0 | |a Marketing |x Case studies |
| 650 | 0 | 0 | |a Success in business |x Case studies |
| 999 | |a 033987 |b BUKU |c PINJAMAN |e PERPUSTAKAAN KOMUNITI PETALING JAYA | ||